000 00555nam a22001695i 4500
001 163782
003 ES-MaACL
005 20250718063335.0
008 950206s1890 sp |||| | glg d
040 _aGA
100 1 _aRodríguez López, Jesús,
_d1859-1917
_998613
245 1 0 _aCousas d'as mulleres e outras poesias
_b: poema /
_cpor Xesus Rodriguez López.
260 _aLugo :
_b[s.n.],
_c1890 (
_fTip. de A. Villamarin)
300 _a205 p. ;
_c20 cm.
852 _aES-MaACL
_jG-9195
_z-- Enc. pasta española
999 _c163782
_d163782